Charakterizácia mikroflóry bryndze bakalárska práca

Guardado en:
Detalles Bibliográficos
Autor principal: Diničová, Andrea
Formato: Libro
Lenguaje:eslovaco
Publicado: Bratislava STU FCHPT 2014
Acceso en línea:Ver en el OPAC
Etiquetas: Agregar Etiqueta
Sin Etiquetas, Sea el primero en etiquetar este registro!

MARC

LEADER 00000nam a2200000 a 4500
005 20260127134414.0
008 140902 2014 000 0 slo d
035 |a vtls010617235 
039 9 |y 201409021053  |z mschk03 
040 |a STUSCHK1  |b slo  |c STUSCHK1  |e AACR2 
100 1 |a Diničová, Andrea 
245 1 |a Charakterizácia mikroflóry bryndze  |b bakalárska práca  |c Andrea Diničová 
260 |a Bratislava  |b STU FCHPT  |c 2014 
300 |a 40 s.  |b Obr., tab.  |c 30 cm 
500 |a Obhájené: 16.7.2014 
500 |a Štud. program: výživa-kozmetika-ochrana zdravia 
500 |a Štud. odbor: potravinárstvo 
500 |a Školiace pracovisko: Odd. výživy a hodnotenia potravín 
500 |a FCHPT-13046-43322 
910 |a SCHK95 
999 |c 11996  |d 11996